000 01127nac a22003497a 4500
001 BR0400097
003 BR-BrBNA
005 20240105122929.0
008 230509b bl.|||m| |||| 00| 0 por d
040 _aBR-BrBNA
_bpor
_cBiblioteca Nacional de Agricultura
072 _aF08; F01
090 _a8951 BR0400097
100 1 _aValentim, J.F.
100 1 _aMoreira, P.
110 1 _aEMBRAPA Acre, Rio Branco (Brasil)
245 1 _aProdutividade de forragem de gramíneas e leguminosas em pastagens puras e consorciadas no Acre
260 3 _aRio Branco, AC (Brasil):
_c2001.
300 _a35 p.
490 _aBoletim de Pesquisa e Desenvolvimento - EMBRAPA Acre (Brazil)
_vno. 33
_xISSN 0101-5516
500 _aSummaries (En, Pt); 46 ref.
650 _aLEGUMINOSA FORRAGEIRA
650 _aGRAMÍNEA FORRAGEIRA
650 _aCONSORCIAÇÃO DE CULTURA
650 _aPRODUTIVIDADE
650 _aMATÉRIA SECA
650 _aCONDIÇÃO AMBIENTAL
650 _aPROPRIEDADE FÍSICO-QUÍMICA
650 _aFORRAGEM
650 _aACRE
909 _a202312
_bLúcia Elande
_c55
_dLúcia Elande
942 _2AGRIS
_n0
_cMS
999 _c293354
_d293354